| 000 | 00613nam a2200229 i 4500 | ||
|---|---|---|---|
| 001 | 68329 | ||
| 003 | ES-MaACL | ||
| 005 | 20250911062642.0 | ||
| 007 | t| | ||
| 008 | 040617s2004 sp ||||1| spa d | ||
| 020 | _a84-233-3594-1 | ||
| 080 | _a821.134.2-31"19" | ||
| 100 | 1 |
_aPuebla, Javier. _994123 |
|
| 245 | 1 | 0 |
_aSonríe Delgado / _cJavier Puebla. |
| 250 | _a[1ª ed.]. | ||
| 260 |
_aBarcelona : _bDestino, _c2004. |
||
| 300 |
_a220 p. ; _c24 cm. |
||
| 490 | 1 |
_aAncora y delfín ; _v991 |
|
| 830 | 0 | 0 |
_aÁncora y Delfín _v991 _9151298 |
| 852 |
_aES-MaACL _jL-28016 _bR.133827 |
||
| 999 |
_c68329 _d68329 |
||